Kabale University Library Catalogue

Environmental Principles and the Evolution of Environmental Law / (Record no. 5971)

MARC details
000 -LEADER
fixed length control field 00645nam a22002177a 4500
005 - DATE AND TIME OF LATEST TRANSACTION
control field 20260203130335.0
008 - FIXED-LENGTH DATA ELEMENTS--GENERAL INFORMATION
fixed length control field 260203b |||||||| |||| 00| 0 eng d
020 ## - INTERNATIONAL STANDARD BOOK NUMBER
International Standard Book Number 9781849462976
020 ## - INTERNATIONAL STANDARD BOOK NUMBER
International Standard Book Number 9781509930104
020 ## - INTERNATIONAL STANDARD BOOK NUMBER
International Standard Book Number 9781782252894
020 ## - INTERNATIONAL STANDARD BOOK NUMBER
International Standard Book Number 9781782252900
040 ## - CATALOGING SOURCE
Original cataloging agency KABLIB
Transcribing agency KABLIB
082 ## - DEWEY DECIMAL CLASSIFICATION NUMBER
Edition number 23
Classification number 344.04
Item number SCO
100 ## - MAIN ENTRY--PERSONAL NAME
Personal name Scotford ,Eloise
9 (RLIN) 15053
245 ## - TITLE STATEMENT
Title Environmental Principles and the Evolution of Environmental Law /
Statement of responsibility, etc. Eloise Scotford
260 ## - PUBLICATION, DISTRIBUTION, ETC.
Place of publication, distribution, etc. London :
Name of publisher, distributor, etc. Hart publishers ;
Date of publication, distribution, etc. c2017 .
300 ## - PHYSICAL DESCRIPTION
Extent xlii,272p. ;
Dimensions 23cm
521 ## - TARGET AUDIENCE NOTE
Target audience note Includes index.
650 ## - SUBJECT ADDED ENTRY--TOPICAL TERM
Topical term or geographic name entry element Environmental Law
9 (RLIN) 11914
942 ## - ADDED ENTRY ELEMENTS (KOHA)
Source of classification or shelving scheme Dewey Decimal Classification
Koha item type Book
Holdings
Withdrawn status Lost status Source of classification or shelving scheme Damaged status Not for loan Home library Current library Shelving location Date acquired Source of acquisition Total Checkouts Full call number Barcode Date last seen Price effective from Koha item type
    Dewey Decimal Classification     Law section Law section Open Access Section 03.02.2026 purchased   344.04 SCO 14113 03.02.2026 03.02.2026 Book
    Dewey Decimal Classification     Law section Law section Open Access Section 03.02.2026 purchased   344.04 SCO 14114 03.02.2026 03.02.2026 Book
    Dewey Decimal Classification     Law section Law section Open Access Section 03.02.2026 purchased   344.04 SCO 14115 03.02.2026 03.02.2026 Book

Kabale University Library | Kabale University P.O Box 317, Kabale, Uganda
Tel : +256754017033, +256774661503 E-mail : library@kab.ac.ug